<Die> Grenzen der Verschwendung Wir atmen, essen, trinken Müll

Uložené v:
Podrobná bibliografia
Hlavný autor: Wegl, Rudolf
Médium: Kniha
Jazyk:German
Vydavateľské údaje: Wien Fric 1989
Vydanie:1. Aufl.
Predmet:
Tagy: Pridať tag
Žiadne tagy, Buďte prvý, kto otaguje tento záznam!

MARC

LEADER 00000nam a2200000 4500
001 c004347
005 20221206131327.2
041 0 |a ger 
044 |a AT 
245 1 0 |a <Die> Grenzen der Verschwendung  |b Wir atmen, essen, trinken Müll  |c Rudolf Wegl 
250 |a 1. Aufl. 
264 1 |a Wien  |b Fric  |c 1989 
300 |a 160 s. 
610 2 0 |a odpad 
610 2 0 |a odpadky 
610 2 0 |a odpad výrobný 
610 2 0 |a využitie odpadu 
610 2 0 |a biosféra 
610 2 0 |a prostredie životné 
610 2 0 |a ochrana prostredia životného 
610 2 0 |a ekológia 
610 2 0 |a recyklácia odpadu 
100 1 |a Wegl, Rudolf